Hodnotenie vybraných aspektov globálnej zmeny klímy

Gespeichert in:
Bibliographische Detailangaben
1. Verfasser: Bíziková, Lívia
Format: Buch
Sprache:Slowakisch
Veröffentlicht: Bratislava Prognostický ústav SAV 2003
Schriftenreihe:Pracovné materiály č. 7
Schlagworte:
Tags: Tag hinzufügen
Keine Tags, Fügen Sie das erste Tag hinzu!

MARC

LEADER 00000nam$a2200000$$$4500
001 0022160
005 20221207102632.3
022 |a 0862-9137 
041 0 |a slo 
044 |a SK 
245 1 0 |a Hodnotenie vybraných aspektov globálnej zmeny klímy  |c Lívia Bíziková 
264 1 |a Bratislava  |b Prognostický ústav SAV  |c 2003 
300 |a diagr., res., tab. 
490 1 |a Pracovné materiály  |v č. 7 
830 0 |a Pracovné materiály  |v č. 7 
610 2 0 |a podnebie 
610 2 0 |a emisie 
610 2 0 |a efekt skleníkový 
610 2 0 |a plyn 
610 2 0 |a dohody medzinárodné 
610 2 0 |a nástroje ekonomické 
610 2 0 |a dane 
610 2 0 |a modely 
610 2 0 |a náklady 
610 2 0 |a Slovensko 
610 2 0 |a Európska únia 
100 1 |a Bíziková, Lívia